000 00509nam a2200205Ia 4500
003 OSt
005 20251021164715.0
008 220915b |||||||| |||| 00| 0 fre d
037 _cTB
040 _bfre
_aARTS
_cARTS
041 _afre
084 _aU25 122K2
_qAL
100 _aMazellier, Philippe
_9734976
245 0 _aTahiti
260 _c1964.
300 _a191p
650 _aGEOGRAPHY
_9848957
942 _hU25 122K2
_cTB
_2CC
_n0
999 _c103022
_d103022